| 000 | 00326nam a22001337a 4500 | ||
|---|---|---|---|
| 003 | SGT | ||
| 082 |
_a617.645 _bC13M |
||
| 100 | _aMENON, AMRITHA | ||
| 245 | _aCONTEMPORARY CROWNS IN PEDIATRIC DENTISTRY | ||
| 260 |
_aDELHI NCR _bSGT UNIVERSITY GURUGRAM _c2013 |
||
| 300 | _a1-52 | ||
| 650 | _aPEDODONTICS | ||
| 942 |
_2ddc _cTH |
||
| 999 |
_c18897 _d18897 |
||